[Rezension von: Balbi, Gabriele, 1979-, The digital revolution]

Gespeichert in:  
Bibliographische Detailangaben
VerfasserInnen: Langeland, Camilla Løvschall (Verfasst von) ; Myrvang, Thea (Verfasst von, VerfasserIn des Bezugswerks)
Beteiligte: Balbi, Gabriele 1979- (VerfasserIn des Bezugswerks)
Medienart: Elektronisch Rezension
Sprache:Englisch
Veröffentlicht: 2025
In: Theoretical criminology
Jahr: 2025, Band: 29, Heft: 3, Seiten: 389-391
Online-Zugang: Volltext (lizenzpflichtig)
Verfügbarkeit prüfen: HBZ Gateway
Schlagwörter:

MARC

LEADER 00000caa a22000002c 4500
001 1933281642
003 DE-627
005 20251217125040.0
007 cr uuu---uuuuu
008 250815s2025 xx |||||oo 00| ||eng c
024 7 |a 10.1177/13624806241305833  |2 doi 
035 |a (DE-627)1933281642 
035 |a (DE-599)KXP1933281642 
040 |a DE-627  |b ger  |c DE-627  |e rda 
041 |a eng 
084 |a 2,1  |2 ssgn 
100 1 |a Langeland, Camilla Løvschall  |e VerfasserIn  |4 aut 
245 1 0 |a [Rezension von: Balbi, Gabriele, 1979-, The digital revolution]  |c Camilla Løvschall Langeland and Thea Myrvang, University of Oslo, Norway 
264 1 |c 2025 
336 |a Text  |b txt  |2 rdacontent 
337 |a Computermedien  |b c  |2 rdamedia 
338 |a Online-Ressource  |b cr  |2 rdacarrier 
655 7 |a Rezension  |0 (DE-588)4049712-4  |0 (DE-627)106186019  |0 (DE-576)209083166  |2 gnd-content 
700 1 |a Myrvang, Thea  |e VerfasserIn  |4 aut 
700 1 |a Balbi, Gabriele  |d 1979-  |e VerfasserIn des Bezugswerks  |0 (DE-588)1124418148  |0 (DE-627)87809962X  |0 (DE-576)325516782  |4 ant 
773 0 8 |i Enthalten in  |t Theoretical criminology  |d London [u.a.] : Sage, 1997  |g 29(2025), 3, Seite 389-391  |h Online-Ressource  |w (DE-627)320645681  |w (DE-600)2025383-7  |w (DE-576)098253387  |x 1461-7439  |7 nnas 
773 1 8 |g volume:29  |g year:2025  |g number:3  |g pages:389-391 
856 4 0 |u https://doi.org/10.1177/13624806241305833  |x Resolving-System  |z lizenzpflichtig  |3 Volltext  |7 1 
935 |a mkri 
951 |a AR 
ELC |a 1 
LOK |0 000 xxxxxcx a22 zn 4500 
LOK |0 001 4757410719 
LOK |0 003 DE-627 
LOK |0 004 1933281642 
LOK |0 005 20250815043607 
LOK |0 008 250815||||||||||||||||ger||||||| 
LOK |0 035   |a (DE-2619)KrimDok#2025-08-14#40FA5D02109E571830F909FFB97F91066C929A0A 
LOK |0 040   |a DE-2619  |c DE-627  |d DE-2619 
LOK |0 092   |o n 
LOK |0 852   |a DE-2619 
LOK |0 852 1  |9 00 
LOK |0 935   |a zota 
LOK |0 939   |a 15-08-25  |b l01 
ORI |a SA-MARC-krimdoka001.raw